Sports Quiz

Random Sports Quiz
Score 0/122 Timer 20:00
0 Plays Today
Year With Mets Player % Correct
1975-77Rick Baldwin
100%
1972-75, 1981-85Rusty Staub
90.9%
1962-63Gil Hodges
87.4%
1968-72Tommie Agee
85.4%
1962-65, 1968-69Al Jackson
83.3%
1965Yogi Berra
83.1%
1969-71Donn Clendenon
82.5%
1985-89Gary Carter
78.6%
1970-71Leroy Stanton
76.9%
1963Pumpsie Green
76.9%
1966-67Jack Hamilton
73.9%
1965-67, 1969-74Tug McGraw
72.8%
1962-63, 1966Choo Choo Coleman
72.7%
1965-66Larry Miller
71.4%
1971-77John Milner
70.9%
1999-2001Darryl Hamilton
70%
1979Andy Hassler
70%
1967-69Ed Charles
69.6%
1970-72Dave Marshall
69.2%
1962Bobby Gene Smith
69.1%
1967-72Danny Frisella
67%
1962Richie Ashburn
67%
1997Cory Lidle
67%
1967-77, 1983Tom Seaver
66.7%
1962Sherman Jones
66%
1965Warren Spahn
65%
1989, 1992-94Jeff McKnight
65%
1963Duke Snider
64.1%
1962-66Jim Hickman
63.6%
1980Jose Moreno
63.6%
2006Jose Lima
63.1%
1978-82Tom Hausman
62.5%
1962, 1973-74Bob Miller
61.2%
1962-63Marv Throneberry
61.2%
2006Geremi Gonzalez
61.2%
1962-65Chris Cannizzaro
60.5%
1998Tony Phillips
60.3%
1964-65Charley Smith
60.2%
1993Tony Fernandez
60%
1966-67Ken Boyer
59.2%
1970-74, 1977Ray Sadecki
58.7%
Year With Mets Player % Correct
1970Dean Chance
58.6%
1970Joe Foy
58.3%
1980Mario Ramirez
57.3%
1974-78Nino Espinosa
57.3%
1967-70Cal Koonce
57.3%
1980Claudell Washington
57.1%
1966Dallas Green
56.4%
1972-73Jim Fregosi
55.7%
1967-70Don Cardwell
55.3%
1965, 1967-69Kevin Collins
55.2%
1982Tom Veryzer
54.5%
1963Chico Fernandez
54.5%
1962-63Sammy Taylor
54.5%
1962Don Zimmer
54.4%
1962Elio Chacon
54.4%
1979Dock Ellis
54.4%
1964-67Hawk Taylor
54.4%
1962Larry Foss
53.8%
1967Joe Grzenda
53.8%
1982-83Carlos Diaz
53.4%
1981Dave Roberts
53.4%
1991-93Anthony Young
53.1%
1972Chuck Taylor
52.6%
1962Vinegar Bend Mizell
52.4%
1971Charlie Williams
51.7%
1962-63Charlie Neal
51.5%
1962Gene Woodling
51.5%
1963Grover Powell
50.5%
1962, 1965Bob Moorhead
50.5%
1973Jerry May
50.5%
1964-66Roy McMillan
50.5%
1979Wayne Twitchell
50.5%
1965-68Greg Goossen
50.5%
1967-68Jerry Buchek
50%
1967Bob Johnson
50%
1971Francisco Estrada
50%
1962Harry Chiti
49.5%
1962Clem Labine
49.5%
1963-65Jesse Gonder
48.5%
1972-73Jim Beauchamp
48.5%
1976Jay Kleven
48.5%
Year With Mets Player % Correct
1962Joe Ginsberg
47.6%
1983Mike Bishop
46.6%
1976Billy Baldwin
46.6%
1974-75Brock Pemberton
46.6%
1962Sammy Drake
45.6%
1963-66Larry Bearnarth
44.7%
1962-64Rod Kanehl
44.7%
1973-75Harry Parker
44.7%
1965-67Chuck Hiller
43.7%
1967Nick Willhite
43.7%
1977Luis Alvarado
42.7%
1964Tom Sturdivant
42.7%
1962Ed Bouchee
41.2%
1966Dick Stuart
40.8%
1967Dennis Bennett
40.8%
1962Gus Bell
39.8%
1966-67Bob Shaw
38.8%
1965Gary Kolb
38.5%
1965-66Danny Napoleon
37.9%
1963-64Tracy Stallard
37%
1976-78Bob Myrick
36.9%
1962Herb Moford
35.9%
1973Phil Hennigan
34%
1965-68Dick Selma
34%
1964, 1965Frank Lary
33.3%
1967-68Billy Connors
33.3%
1965-67Johnny Lewis
31.3%
1963Don Rowe
31.1%
1966Bob Friend
30.8%
1967Bill Graham
29.1%
1967Jack Lamabe
28.2%
1970Ron Herbel
27.2%
1963-65Carl Willey
24.3%
1963Jimmy Piersall
22.9%
1967Hal Reniff
20.4%
1966-67Al Luplow
18.5%
1973-74John Strohmayer
10%
1962Ray Daviault
0%
1967-69Les Rohr
0%
1967-68Phil Linz
0%
Remove Ads.
Support Sporcle.
Get the best of Sporcle when you Go Orange. This ad-free experience offers more features, more stats, and more fun while also helping to support Sporcle. Thank you for becoming a member.

You're not logged in!

Compare scores with friends on all Sporcle quizzes.
OR
Log In

Show Comments

Extras

Created Jan 19, 2013ReportNominate
Tags:Deceased, met, Player

Top Quizzes Today


Score Distribution

Your Account Isn't Verified!

In order to create a playlist on Sporcle, you need to verify the email address you used during registration. Go to your Sporcle Settings to finish the process.

Report this User

Report this user for behavior that violates our Community Guidelines.

Details: